[Event "AUTO-OPEN-1906"]
[Site "http://www.queenalice.com/game.php?id=744411"]
[Date "2010.3.11"]
[Round "1"]
[White "lfcanales"]
[Black "DUCADOS57"]
[Result "0-1"]
[WhiteElo "1960"]
[BlackElo "1817"]

1. c4 Nf6 2. d4 e6 3. Nc3 c6 4. Bg5 Be7 5. Nf3 O-O 6. e4 d5 7. e5 Nfd7 8. Bxe7
Qxe7 9. c5 b6 10. b4 Ba6 11. Bxa6 Nxa6 12. a3 b5 13. O-O Nc7 14. a4 a6 15. Qd2
f6 16. Rfe1 fxe5 17. dxe5 bxa4 18. Nxa4 Nb5 19. h3 Rf5 20. Nc3 Raf8 21. Rxa6 Nb8
22. Ra2 Nxc3 23. Qxc3 Rf4 24. Rea1 Qf7 25. Ra7 Qg6 26. Kf1 Rc4 27. Qb3 Qh6 28.
Re7 Rc1+ 29. Rxc1 Qxc1+ 30. Ne1 Na6 31. b5 Nxc5 32. Qb4 Nd3 33. Qa5 Rxf2+ 34.
Kg1 Rf8 35. b6 Nxe1 36. Qa7 Qe3+ 37. Kh1 Rf1+ 38. Kh2 Qxe5+ 39. g3 Qe2# 0-1

[Event "AUTO-OPEN-1906"]
[Site "http://www.queenalice.com/game.php?id=744412"]
[Date "2010.3.11"]
[Round "1"]
[White "DUCADOS57"]
[Black "lfcanales"]
[Result "1-0"]
[WhiteElo "1678"]
[BlackElo "2037"]

1. d4 d5 2. c4 e6 3. g3 Nf6 4. Nf3 Nc6 5. Bg2 Bb4+ 6. Bd2 dxc4 7. O-O Bxd2 8.
Nbxd2 Nxd4 9. Nxc4 Nxf3+ 10. Bxf3 Qe7 11. Qb3 c6 12. Rad1 Nd5 13. e4 Nf6 14. Rd2
O-O 15. Rfd1 b5 16. Na5 Qc7 17. Qc3 Bb7 18. b4 Rab8 19. e5 Nd5 20. Bxd5 exd5 21.
Rxd5 Qb6 22. Rd6 Rfc8 23. e6 fxe6 24. Qe5 Re8 25. Rd7 1-0

[Event "AUTO-OPEN-1906"]
[Site "http://www.queenalice.com/game.php?id=744437"]
[Date "2010.3.11"]
[Round "1"]
[White "DUCADOS57"]
[Black "reibas"]
[Result "0-1"]
[WhiteElo "1893"]
[BlackElo "1864"]

1. d4 d5 2. c4 c6 3. Nf3 Nf6 4. g3 Bg4 5. Bg2 e6 6. O-O Be7 7. Nc3 O-O 8. Qb3
Qc7 9. Bf4 Bd6 10. Bxd6 Qxd6 11. Rac1 b6 12. Ne5 dxc4 13. Qxc4 Nbd7 14. Qxc6
Qxc6 15. Nxc6 Rfe8 16. Ne7+ Rxe7 17. Bxa8 h6 18. Bg2 e5 19. dxe5 Nxe5 20. f3 Bf5
21. Rfd1 g5 22. Rd6 Re6 23. Rcd1 Kg7 24. g4 Bh7 25. Nb5 Rxd6 26. Nxd6 a5 27. Kf2
h5 28. h3 h4 29. e3 Nd3+ 30. Ke2 Nxb2 31. Rd2 Na4 32. e4 Nc3+ 33. Ke3 Bg8 34.
Nf5+ Kg6 35. f4 b5 36. e5 gxf4+ 37. Kxf4 Ne8 38. Ne7+ Kg7 0-1

[Event "AUTO-OPEN-1906"]
[Site "http://www.queenalice.com/game.php?id=744438"]
[Date "2010.3.11"]
[Round "1"]
[White "reibas"]
[Black "DUCADOS57"]
[Result "1-0"]
[WhiteElo "1756"]
[BlackElo "1918"]

1. e4 d5 2. exd5 Qxd5 3. Nc3 Qd6 4. d4 Nf6 5. Nf3 c6 6. Be2 g6 7. Be3 Bg7 8. O-O
Bg4 9. h3 Bxf3 10. Bxf3 e6 11. a3 Nbd7 12. b4 O-O 13. Re1 Nb6 14. Be2 Rad8 15.
Qd2 Nbd5 16. Nxd5 Ne4 17. Qd3 exd5 18. Bf3 Rfe8 19. Bxe4 Rxe4 20. Re2 Rde8 21.
Rae1 Qf6 22. f3 R4e6 23. Bf2 Rxe2 24. Rxe2 Rxe2 25. Qxe2 Qe6 26. Be3 Bxd4 27.
Kf2 Qe5 28. Bxd4 Qxd4+ 29. Kg3 Qc3 30. Qe8+ Kg7 31. Qb8 1-0

[Event ""NOSSA TV""]
[Site "http://www.queenalice.com/game.php?id=748063"]
[Date "2010.3.18"]
[Round "-"]
[White "perucona"]
[Black "DUCADOS57"]
[Result "0-1"]
[WhiteElo "1618"]
[BlackElo "1890"]

1. e4 d5 2. e5 c5 3. Nc3 Bf5 4. Bd3 Bxd3 5. cxd3 d4 6. Nb5 Nc6 7. Nf3 a6 8. Na3
Qc7 9. O-O Nxe5 10. Nxe5 Qxe5 11. Re1 Qc7 12. Qe2 Nf6 13. Qe5 Qxe5 14. Rxe5 e6
15. Nc4 Nd7 16. Re2 b5 17. Na3 Rc8 18. b3 Bd6 19. Bb2 O-O 20. Rae1 e5 21. g3 Nb6
22. f4 f6 23. Rg2 exf4 24. Rf1 fxg3 25. hxg3 Rfe8 26. Nc2 a5 27. Rff2 Re7 28.
Rf3 Rce8 29. Bc1 Nd5 30. Ne3 dxe3 31. dxe3 Nb4 32. d4 cxd4 33. exd4 Re1+ 34. Rf1
Nd3 35. Bd2 Rxf1+ 36. Kxf1 b4 37. g4 Bf4 38. Bxf4 Re1# 0-1

[Event "AUTO-INT-1655"]
[Site "http://www.queenalice.com/game.php?id=752658"]
[Date "2010.3.28"]
[Round "1"]
[White "DUCADOS57"]
[Black "altair"]
[Result "1-0"]
[WhiteElo "1859"]
[BlackElo "1680"]

1. d4 d5 2. c4 e6 3. Nf3 h6 4. g3 b6 5. Bg2 Nf6 6. O-O g5 7. Nc3 g4 8. Ne5 h5 9.
Bg5 Be7 10. cxd5 exd5 11. Nxd5 Nxd5 12. Bxe7 Qxe7 13. Bxd5 c6 14. Qc2 Bb7 15.
Bxf7+ Kf8 16. Ng6+ Kxf7 17. Nxe7 Kxe7 18. d5 c5 19. Qc3 Nd7 20. e4 Rhf8 21. f4
Nf6 22. Qe5+ Kf7 23. Qc7+ Kg6 24. Qxb7 Nxe4 25. Rae1 Nd2 26. Re6+ Rf6 27. Rxf6+
Kxf6 28. Qxa8 1-0

[Event "AUTO-INT-1655"]
[Site "http://www.queenalice.com/game.php?id=752659"]
[Date "2010.3.28"]
[Round "1"]
[White "altair"]
[Black "DUCADOS57"]
[Result "0-1"]
[WhiteElo "1704"]
[BlackElo "1875"]

1. e4 d5 2. e5 c5 3. c3 Nc6 4. d4 Qb6 5. h3 Bf5 6. Nf3 e6 7. Be3 Qxb2 8. Nbd2
Qxc3 9. Rc1 Qa5 10. Qc2 Bxc2 11. Rxc2 c4 12. Be2 Nb4 13. Rb2 Qa3 14. Rb1 Nc2+
15. Kf1 Nxe3+ 16. fxe3 Bb4 17. Kf2 Ne7 18. e4 O-O 19. exd5 exd5 20. Ra1 Nc6 21.
Rhe1 Bc3 22. Rac1 Bxd4+ 23. Nxd4 Nxd4 24. Bg4 Qxa2 25. Red1 Nb3 26. Rb1 Nxd2 27.
Rxb7 Ne4+ 28. Kg1 Qf2+ 29. Kh2 Qg3+ 30. Kg1 Qxe5 31. Rd7 Nc3 32. Rf1 h5 33. Bf3
h4 34. Rf2 a5 35. Rd2 Qe1+ 0-1

[Event "AUTO-INT-1655"]
[Site "http://www.queenalice.com/game.php?id=752660"]
[Date "2010.3.28"]
[Round "1"]
[White "DUCADOS57"]
[Black "Scooby_99"]
[Result "1-0"]
[WhiteElo "1796"]
[BlackElo "1653"]

1. d4 d5 2. c4 e6 3. Nf3 Nf6 4. g3 Bb4+ 5. Bd2 Bxd2+ 6. Nbxd2 a6 7. Bg2 c6 8.
O-O dxc4 9. Nxc4 O-O 10. Rc1 Re8 11. Qc2 Nbd7 12. Nd6 Re7 13. Rfd1 Nf8 14. Nxc8
Qxc8 15. Ne5 Ng6 16. Nc4 Qd8 17. Rd2 Qc7 18. e4 b5 19. Ne3 a5 20. e5 Nd5 21.
Bxd5 exd5 22. Nxd5 Qb7 23. Nxe7+ Nxe7 24. Qe4 Nd5 25. a3 h6 26. Rdc2 Rc8 27. Rc5
Ne7 28. b4 a4 29. f4 Nd5 30. f5 1-0

[Event "AUTO-INT-1655"]
[Site "http://www.queenalice.com/game.php?id=752661"]
[Date "2010.3.28"]
[Round "1"]
[White "Scooby_99"]
[Black "DUCADOS57"]
[Result "0-1"]
[WhiteElo "1580"]
[BlackElo "1773"]

1. e4 d5 2. exd5 Qxd5 3. Nf3 Bg4 4. Nc3 Qd6 5. d4 c6 6. Be3 Nd7 7. Be2 e6 8. h3
Bh5 9. g3 Ngf6 10. Bf4 Qb4 11. Qd2 Be7 12. O-O Nd5 13. Nxd5 cxd5 14. Qxb4 Bxb4
15. c3 Be7 16. Bd3 Bxf3 0-1

[Event "AUTO-INT-1655"]
[Site "http://www.queenalice.com/game.php?id=752662"]
[Date "2010.3.28"]
[Round "1"]
[White "DUCADOS57"]
[Black "Garuzinho"]
[Result "1-0"]
[WhiteElo "1918"]
[BlackElo "1481"]

1. d4 d5 2. c4 Nf6 3. Nf3 Nc6 4. cxd5 Qxd5 5. Nc3 Qa5 6. Qc2 h6 7. Bd2 e6 8. e3
a6 9. a3 Bd6 10. Bd3 Bd7 11. O-O O-O 12. e4 Rad8 13. e5 Nxd4 14. Nxd4 Bxe5 15.
Ne4 Qd5 16. Nxf6+ Bxf6 17. Ne2 Bc6 18. Nf4 Qg5 19. Bh7+ Kh8 20. Ng6+ fxg6 21.
Bxg5 Kxh7 22. Bxf6 gxf6 23. Rad1 Rxd1 24. Rxd1 Rf7 25. Rd8 Rd7 26. Rxd7+ Bxd7
27. Qxc7 g5 28. Qxd7+ Kg6 29. Qxe6 b5 30. Qxa6 1-0

[Event "AUTO-INT-1655"]
[Site "http://www.queenalice.com/game.php?id=752663"]
[Date "2010.3.28"]
[Round "1"]
[White "Garuzinho"]
[Black "DUCADOS57"]
[Result "0-1"]
[WhiteElo "1481"]
[BlackElo "1918"]

1. e4 d5 2. exd5 Qxd5 3. d4 Nf6 4. Nf3 Bg4 5. Be2 e6 6. Be3 Bb4+ 7. c3 Bd6 8. h3
Bh5 9. O-O Nbd7 10. c4 Qc6 11. Nc3 Bxf3 12. Bxf3 Qxc4 13. Bxb7 Rb8 14. Bf3 Rxb2
15. Ne4 Nxe4 16. Bxe4 Nf6 17. Rc1 Qb4 18. a4 Nxe4 19. Qg4 Nd2 20. Bxd2 Qxd2 21.
Qxg7 Rf8 22. Qxh7 Qf4 23. g3 Qxd4 24. Rcd1 Qxa4 25. Qg7 Qc2 26. Qf6 Rg8 27. Qh4
Rb4 28. g4 Qc3 29. Rc1 Qf3 0-1

[Event "Challenge"]
[Site "http://www.queenalice.com/game.php?id=758149"]
[Date "2010.4.8"]
[Round "-"]
[White "ljkhalil"]
[Black "DUCADOS57"]
[Result "1-0"]
[WhiteElo "2049"]
[BlackElo "1892"]

1. d4 f5 2. c4 Nf6 3. Nf3 e6 4. e3 b6 5. Be2 Bb7 6. O-O Bd6 7. Qb3 Nc6 8. Nc3
O-O 9. c5 Be7 10. cxb6 axb6 11. d5 Nb4 12. dxe6 Bd5 13. Nxd5 Nbxd5 14. Nd4 Bc5
15. Nxf5 dxe6 16. Ng3 Qd7 17. Nh5 Qf7 18. Nf4 Nxf4 19. exf4 Nd5 20. g3 c6 21.
Be3 Nxe3 22. fxe3 Kh8 23. Kg2 Qe7 24. Bf3 Rac8 25. Bg4 Rce8 26. Bh5 Rd8 27. Rad1
Rxd1 28. Bxd1 Rd8 29. Bc2 Bb4 30. Rd1 Rxd1 31. Bxd1 Qd6 32. Bf3 Qd2+ 33. Kh3 Qd6
34. Bxc6 Bc5 35. Bf3 e5 36. Qf7 Qe7 37. Qxe7 Bxe7 38. fxe5 g6 39. a4 Kg7 40. Kg2
Bc5 41. Kf2 Kf7 42. Bg4 h5 43. Bf3 Ke6 44. Ke2 Kxe5 45. Kd3 Bb4 46. Be4 g5 47.
Bg6 h4 48. gxh4 gxh4 49. h3 Be1 50. e4 Bg3 51. Kc4 Bf2 52. Bf5 1-0

[Event "Challenge"]
[Site "http://www.queenalice.com/game.php?id=759074"]
[Date "2010.4.10"]
[Round "-"]
[White "highlander7"]
[Black "DUCADOS57"]
[Result "1-0"]
[WhiteElo "2201"]
[BlackElo "1898"]

1. d4 f5 2. Nf3 e6 3. c4 Nf6 4. Nc3 Bb4 5. Bd2 O-O 6. e3 d5 7. Be2 b6 8. O-O Bb7
9. Nxd5 Nxd5 10. cxd5 Bxd2 11. Qxd2 Bxd5 12. Rfc1 Nd7 13. Bc4 Nf6 14. Bxd5 Nxd5
15. Ne5 Qe7 16. Rc4 f4 17. e4 Nf6 18. Qxf4 Nd7 19. Qg3 Nf6 20. Qe3 Ne8 21. Rac1
c5 22. dxc5 bxc5 23. Nc6 Qb7 24. Qxc5 Nf6 25. b3 h6 26. f3 Kh7 27. Nd4 Nxe4 28.
fxe4 Qxe4 29. Nf3 1-0

[Event "Challenge"]
[Site "http://www.queenalice.com/game.php?id=759642"]
[Date "2010.4.11"]
[Round "-"]
[White "DUCADOS57"]
[Black "eddval"]
[Result "1-0"]
[WhiteElo "1887"]
[BlackElo "2099"]

1. d4 Nf6 2. c4 e6 3. Nf3 b6 4. Nc3 Bb4 5. Qb3 c5 6. Bg5 Nc6 7. e3 d6 8. Qc2 Bb7
9. Bd3 h6 10. Bh4 O-O 11. O-O Bxc3 12. bxc3 g5 13. Bg3 Qe7 14. e4 e5 15. d5 Nb8
16. a4 a5 17. Nd2 Nbd7 18. Nb1 Ba6 19. Na3 Kg7 20. Rab1 Rab8 21. f3 Rh8 22. Rb2
Nf8 23. Rfb1 N6d7 24. Bf2 Ng6 25. g3 Qf6 26. Kg2 Qe7 27. Re1 Qf6 28. Qe2 h5 29.
Nc2 Ne7 30. Ne3 Nf8 31. Reb1 Nd7 32. Nf5+ Nxf5 33. exf5 Qd8 34. g4 hxg4 35. fxg4
f6 36. Rh1 Rh6 37. Qf3 Qh8 38. h3 Qh7 39. Bf1 Rh8 40. Kg1 Kf7 41. Qe4 Ke7 42. h4
Qg7 43. h5 Kd8 44. Kh2 Qf7 45. Be2 Kc7 46. Rhb1 R6h7 47. Bf3 Rh6 48. Qe2 R6h7
49. Be4 Bxc4 50. Qxc4 Rxh5+ 51. Kg1 Rh2 52. Bxc5 Nxc5 53. Rxb6 Kd8 54. Rb8+ Ke7
55. R1b7+ Nxb7 56. Qc7# 1-0

[Event "Challenge"]
[Site "http://www.queenalice.com/game.php?id=768926"]
[Date "2010.5.1"]
[Round "-"]
[White "Samelo"]
[Black "DUCADOS57"]
[Result "0-1"]
[WhiteElo "1635"]
[BlackElo "1879"]

1. d4 f5 2. c4 e6 3. g3 Nf6 4. Bg2 Be7 5. Nc3 O-O 6. Nf3 d5 7. O-O Ne4 8. Nxe4
fxe4 9. Ne5 Nd7 10. cxd5 exd5 11. Nxd7 Qxd7 12. e3 b6 13. Bd2 Ba6 14. Re1 Qf5
15. Re2 Bxe2 16. Qxe2 Rf7 17. Be1 h5 18. Rc1 Bd6 19. a3 c5 20. h4 Raf8 21. Kh2
Qg6 0-1

[Event "AUTO-OPEN-1905"]
[Site "http://www.queenalice.com/game.php?id=812846"]
[Date "2010.8.3"]
[Round "2"]
[White "gordovc"]
[Black "DUCADOS57"]
[Result "1-0"]
[WhiteElo "2057"]
[BlackElo "1875"]

1. e4 d5 2. exd5 Qxd5 3. Nc3 Qd6 4. Nf3 Nf6 5. d4 c6 6. Bd3 g6 7. O-O Bg4 8. h3
Bxf3 9. Qxf3 Bg7 10. Re1 O-O 11. Qf4 Nbd7 12. Qxd6 exd6 13. Bf4 d5 14. Re2 Rfe8
15. Rae1 Rxe2 16. Nxe2 1-0

[Event "AUTO-OPEN-1905"]
[Site "http://www.queenalice.com/game.php?id=812847"]
[Date "2010.8.3"]
[Round "2"]
[White "DUCADOS57"]
[Black "gordovc"]
[Result "0-1"]
[WhiteElo "1792"]
[BlackElo "2063"]

1. d4 d5 2. c4 e6 3. Nf3 Nf6 4. g3 dxc4 5. Bg2 Bb4+ 6. Bd2 Bd6 7. O-O O-O 8. Qc2
Nc6 9. Qxc4 Ne4 10. Be3 Nf6 11. Nc3 Bd7 12. Nb5 Be7 13. Nc3 Bd6 14. a3 Na5 15.
Qd3 Nc6 16. Bg5 h6 17. Be3 Qe7 0-1

[Event "AUTO-OPEN-1905"]
[Site "http://www.queenalice.com/game.php?id=812852"]
[Date "2010.8.3"]
[Round "2"]
[White "DUCADOS57"]
[Black "ppeteleco"]
[Result "0-1"]
[WhiteElo "1794"]
[BlackElo "2467"]

1. d4 d5 2. c4 e6 3. Nf3 Nf6 4. g3 dxc4 5. Bg2 Bb4+ 6. Bd2 Nc6 7. e3 O-O 8. O-O
Nd5 9. Nc3 Bxc3 10. bxc3 Nb6 11. Qc2 Rb8 12. Ne5 Nxe5 13. dxe5 Bd7 14. e4 Ba4
15. Qc1 c5 16. Bg5 Qc7 17. f4 Bc6 18. Qe3 Na4 19. Rfc1 a5 20. Bh4 b5 21. Bf1 Qb7
22. Re1 Rfe8 0-1

[Event "AUTO-OPEN-1905"]
[Site "http://www.queenalice.com/game.php?id=812853"]
[Date "2010.8.3"]
[Round "2"]
[White "ppeteleco"]
[Black "DUCADOS57"]
[Result "1-0"]
[WhiteElo "2466"]
[BlackElo "1796"]

1. e4 d5 2. exd5 Qxd5 3. Nc3 Qd6 4. Nf3 Nf6 5. Bc4 Be6 6. Qe2 Bxc4 7. Qxc4 c6 8.
O-O Nbd7 9. d3 e6 10. Rd1 Be7 11. Bf4 Qb4 12. Qxb4 Bxb4 13. Ne4 Nxe4 14. dxe4
O-O-O 15. Be3 Be7 16. Bd4 Rhg8 17. a4 Nc5 18. e5 g5 19. h3 Rd5 20. Rd2 Kc7 21.
a5 h5 22. g4 Ne4 23. Re2 Nc5 24. b4 1-0

[Event "AUTO-INT-1655"]
[Site "http://www.queenalice.com/game.php?id=817206"]
[Date "2010.8.12"]
[Round "2"]
[White "callende"]
[Black "DUCADOS57"]
[Result "1-0"]
[WhiteElo "2004"]
[BlackElo "1867"]

1. d4 d5 2. c4 c6 3. Nc3 Nf6 4. Nf3 e6 5. Bg5 Nbd7 6. a3 dxc4 7. e4 Qa5 8. Bd2
Qa6 9. Rc1 b5 10. h3 Bb7 11. e5 Nd5 12. Ne4 c5 13. Be2 1-0

[Event "AUTO-INT-1655"]
[Site "http://www.queenalice.com/game.php?id=817207"]
[Date "2010.8.12"]
[Round "2"]
[White "DUCADOS57"]
[Black "callende"]
[Result "0-1"]
[WhiteElo "1856"]
[BlackElo "2015"]

1. d4 Nf6 2. c4 d5 3. Nf3 dxc4 4. g3 b5 5. Bg2 Bb7 6. O-O e6 7. Nc3 a6 8. Bg5
Be7 9. e3 Nbd7 10. Qc2 b4 11. Na4 Bd5 12. Rad1 Ne4 0-1

[Event "AUTO-INT-1655"]
[Site "http://www.queenalice.com/game.php?id=817208"]
[Date "2010.8.12"]
[Round "2"]
[White "leandrodaquimica"]
[Black "DUCADOS57"]
[Result "1-0"]
[WhiteElo "1623"]
[BlackElo "1820"]

1. e4 d5 2. exd5 Qxd5 3. d4 Nf6 4. Nc3 Qd6 5. Bb5+ c6 6. Bc4 Be6 7. Bxe6 Qxe6+
8. Be3 g6 9. Nf3 Bg7 10. Ng5 Qg4 11. Qxg4 Nxg4 12. d5 O-O 13. O-O-O Nxe3 14.
fxe3 h6 15. Nge4 cxd5 16. Nxd5 1-0

[Event "AUTO-INT-1655"]
[Site "http://www.queenalice.com/game.php?id=817209"]
[Date "2010.8.12"]
[Round "2"]
[White "DUCADOS57"]
[Black "leandrodaquimica"]
[Result "0-1"]
[WhiteElo "1846"]
[BlackElo "1597"]

1. d4 d5 2. c4 dxc4 3. Nf3 Nc6 4. g3 Bg4 5. d5 Bxf3 6. exf3 Ne5 7. f4 Nd7 8. Qc2
Nb6 9. Nc3 e6 10. dxe6 fxe6 11. Bg2 Bb4 12. Bxb7 Bxc3+ 13. Qxc3 Rb8 14. Bc6+ Nd7
15. Qxg7 Nf6 0-1